A peace to end all peace : (Record no. 562)
[ view plain ]
| 000 -LEADER | |
|---|---|
| fixed length control field | 01021nam a2200277 a 4500 |
| 001 - CONTROL NUMBER | |
| control field | 645272 |
| 003 - CONTROL NUMBER IDENTIFIER | |
| control field | GZU |
| 005 - DATE AND TIME OF LATEST TRANSACTION | |
| control field | 20200907130324.0 |
| 008 - FIXED-LENGTH DATA ELEMENTS--GENERAL INFORMATION | |
| fixed length control field | 930914s1990 nyuabf b 001 0 eng |
| 010 ## - LIBRARY OF CONGRESS CONTROL NUMBER | |
| LC control number | 93205528 |
| 020 ## - INTERNATIONAL STANDARD BOOK NUMBER | |
| International Standard Book Number | 0380713004 |
| 040 ## - CATALOGING SOURCE | |
| Original cataloging agency | DLC |
| Transcribing agency | DLC |
| Modifying agency | DLC |
| 043 ## - GEOGRAPHIC AREA CODE | |
| Geographic area code | aw----- |
| -- | e-ur--- |
| 050 00 - LIBRARY OF CONGRESS CALL NUMBER | |
| Classification number | DS 63.2 FRO 1989 |
| 100 1# - MAIN ENTRY--PERSONAL NAME | |
| Personal name | Fromkin, David. |
| Relator term | author |
| 245 12 - TITLE STATEMENT | |
| Title | A peace to end all peace : |
| Remainder of title | the fall of the Ottoman Empire and the creation of the modern Middle East / |
| Statement of responsibility, etc. | David Fromkin. |
| 260 ## - PUBLICATION, DISTRIBUTION, ETC. | |
| Place of publication, distribution, etc. | New York : |
| Name of publisher, distributor, etc. | Avon Books, |
| Date of publication, distribution, etc. | 1990. |
| 300 ## - PHYSICAL DESCRIPTION | |
| Extent | 635 p., [32] p. of plates : |
| Other physical details | ill., maps ; |
| Dimensions | 21 cm. |
| 504 ## - BIBLIOGRAPHY, ETC. NOTE | |
| Bibliography, etc. note | Includes bibliographical references (p. 607-620) and index. |
| 651 #0 - SUBJECT ADDED ENTRY--GEOGRAPHIC NAME | |
| Geographic name | Great Britain |
| General subdivision | Foreign relations |
| Geographic subdivision | Middle East. |
| 651 #0 - SUBJECT ADDED ENTRY--GEOGRAPHIC NAME | |
| Geographic name | Middle East |
| General subdivision | Foreign relations |
| Geographic subdivision | Great Britain. |
| 651 #0 - SUBJECT ADDED ENTRY--GEOGRAPHIC NAME | |
| Geographic name | Middle East |
| General subdivision | Politics and government |
| Chronological subdivision | 1914-1945. |
| 906 ## - LOCAL DATA ELEMENT F, LDF (RLIN) | |
| a | 7 |
| b | cbc |
| c | orignew |
| d | u |
| e | ncip |
| f | 19 |
| g | y-gencatlg |
| 942 ## - ADDED ENTRY ELEMENTS (KOHA) | |
| Koha item type | Books |
| Classification part | 63.2 |
| Item part | FRO |
| Call number prefix | DS |
| Withdrawn status | Lost status | Damaged status | Not for loan | Collection code | Home library | Current library | Shelving location | Date acquired | Source of acquisition | Total Checkouts | Full call number | Barcode | Date last seen | Copy number | Price effective from | Koha item type |
|---|---|---|---|---|---|---|---|---|---|---|---|---|---|---|---|---|
| Non-fiction | City Campus Library | City Campus Library | General Stacks | 09/07/2020 | Donations | DS 63.2 FRO 1989 | 003901 | 09/07/2020 | c-1 | 09/07/2020 | Books |